000 00262nam a2200121 i 4500
001 bg
245 0 _aVIII Konferencja Metaloznawcza.
260 _aGliwice,
_c1974.
040 _cBPK
041 _apol
942 _cKS
008 s pl f |000 0 pol
999 _c20682
_d20682
856 _uhttp://koha.tu.koszalin.pl/cgi-bin/koha/opac-detail.pl?biblionumber=20682
_yKatalog online BPK